Hospodársky vývoj Slovenska v roku 2004 štúdia vypracovaná na požiadanie Európskej hospodárskej komisie OSN

Salvato in:
Dettagli Bibliografici
Autore principale: Okáli, Ivan
Natura: Libro
Lingua:slovacco
Pubblicazione: Bratislava Ústav slovenskej a svetovej ekonomiky SAV 2005
Edizione:1. vyd.
Soggetti:
Tags: Aggiungi Tag
Nessun Tag, puoi essere il primo ad aggiungerne!!

MARC

LEADER 00000nam$a2200000$$$4500
001 0030813
005 20240318125605.1
020 |a 80-7144-145-7 
041 0 |a slo 
044 |a SK 
245 1 0 |a Hospodársky vývoj Slovenska v roku 2004  |b štúdia vypracovaná na požiadanie Európskej hospodárskej komisie OSN  |c Ivan Okáli a kolektív 
250 |a 1. vyd. 
264 1 |a Bratislava  |b Ústav slovenskej a svetovej ekonomiky SAV  |c 2005 
300 |a 67 s. 
610 2 0 |a vývoj hospodársky 
610 2 0 |a analýzy 
610 2 0 |a produkcia 
610 2 0 |a ceny 
610 2 0 |a trh práce 
610 2 0 |a vzťahy ekonomické 
610 2 0 |a vzťahy hospodárske vonkajšie 
610 2 0 |a vývoj menový 
610 2 0 |a financie verejné 
610 2 0 |a politika fiškálna 
610 2 0 |a rast hospodársky 
610 2 0 |a legislatíva 
610 2 0 |a politika hospodárska 
610 2 0 |a Slovensko 
610 2 0 |a 2004 
100 1 |a Okáli, Ivan